Länder, die an der Fußball-EM 2024 teilnehmen - Statistiken

Allgemein
  • Dieses Quiz wurde 1.138 mal gespielt
    655 seit der letzten Aktualisierung
  • Das Durchschnittsergebnis liegt bei 22 aus 24
Antwortstatistiken
Team Group % Korrekt
Deutschland A1
99%
Portugal F3
98%
Schweiz A4
98%
Spanien B1
98%
England C4
97%
Frankreich D4
97%
Italien B3
97%
Niederlande D2
96%
Österreich D3
96%
Belgien E1
95%
Kroatien B2
94%
Polen D1
94%
Schottland A2
94%
Türkei F1
94%
Ungarn A3
94%
Dänemark C2
92%
Ukraine E4
90%
Albanien B4
89%
Serbien C3
89%
Slowakei E2
89%
Slowenien C1
89%
Tschechien F4
88%
Rumänien E3
84%
Georgien F2
82%
Keine übereinstimmenden Quizze gefunden
Verteilung der Resultate
Anzahl Personen mit jedem Resultat
Perzentil nach korrekt beantworteten Fragen
Ihre Resultats-Entwicklung
Sie haben dieses Quiz seit der letzten Aktualisierung nicht gespielt